LEADER 01980nas 2200613-a 450 001 996209731503316 005 20221206220243.0 035 $a(OCoLC)53226881 035 $a(CKB)954928597056 035 $a(CONSER)--2006267616 035 $a(EXLCZ)99954928597056 100 $a20031017b19942003 s-- - 101 0 $aeng 135 $aurmn||||||||| 181 $ctxt$2rdacontent 182 $cc$2rdamedia 183 $acr$2rdacarrier 200 10$aBiotechnology and development monitor 210 $aAmsterdam $cNetwork University$d-2003 300 $aEach issue also has a thematic title. 300 $aRefereed/Peer-reviewed 311 $a0924-9877 517 3 $aMonitor 531 $aBIOTECHNOL DEV MONITOR 531 $aBIOTECHNOL DEV MONIT 531 $aBIOT DEV MO 531 $aBIOTECHNOLOGY & DEVELOPMENT MONITOR 606 $aBiotechnology$zDeveloping countries$vPeriodicals 606 $aBiotechnology$xEconomic aspects$vPeriodicals 606 $aAgricultural biotechnology$zDeveloping countries$vPeriodicals 606 $aAgricultural biotechnology$2fast$3(OCoLC)fst00800502 606 $aBiotechnology$2fast$3(OCoLC)fst00832729 606 $aBiotechnology$xEconomic aspects$2fast$3(OCoLC)fst00832738 606 $aAgriculture 606 $aBiotechnology 606 $aAgriculture$vPeriodicals 606 $aBiotechnology$vPeriodicals 607 $aDeveloping countries$2fast 608 $aPeriodicals.$2fast 608 $aPeriodical. 615 0$aBiotechnology 615 0$aBiotechnology$xEconomic aspects 615 0$aAgricultural biotechnology 615 7$aAgricultural biotechnology. 615 7$aBiotechnology. 615 7$aBiotechnology$xEconomic aspects. 615 2$aAgriculture. 615 2$aBiotechnology. 615 2$aAgriculture 615 2$aBiotechnology 906 $aJOURNAL 912 $a996209731503316 996 $aBiotechnology and development monitor$92239604 997 $aUNISA LEADER 01070nam a2200289 i 4500 001 991002204869707536 005 20020508192243.0 008 990129s1981 it ||| | ita 035 $ab10974714-39ule_inst 035 $aPARLA157315$9ExL 040 $aDip.to Filosofia$bita 082 0 $a301.155 082 0 $a303.34 100 1 $aCavalli, Luciano$032744 245 13$aIl capo carismatico :$bper una sociologia weberiana della leadership /$cLuciano Cavalli 260 $aBologna :$bIl Mulino,$c1981 300 $a295 p. ;$c19 cm. 490 0 $aUniversale paperbacks. Il mulino ;$v131 650 4$aCapi 650 4$aComando 907 $a.b10974714$b23-02-17$c28-06-02 912 $a991002204869707536 945 $aLE005 MF 21 C 39$g1$i2005000049613$lle005$o-$pE0.00$q-$rl$s- $t0$u0$v0$w0$x0$y.i11085964$z28-06-02 945 $aLE005IF XXX G 51$g1$i2005000110986$lle005$o-$pE0.00$q-$rl$s- $t0$u2$v5$w2$x0$y.i11085976$z28-06-02 996 $aCapo carismatico$9620710 997 $aUNISALENTO 998 $ale005$b01-01-99$cm$da $e-$fita$git $h3$i2